30 Biggest Cities in Iowa - Statistics

General Stats
  • This quiz has been taken 32 times
  • The average score is 16 of 30
Answer Stats
Population Answer % Correct
137,710 Cedar Rapids
96%
214,133 Des Moines
96%
74,828 Iowa City
96%
101,724 Davenport
92%
85,791 Sioux City
88%
59,667 Dubuque
83%
66,427 Ames
79%
67,314 Waterloo
75%
68,723 West Des Moines
71%
67,887 Ankeny
67%
40,713 Cedar Falls
67%
62,799 Council Bluffs
67%
39,102 Bettendorf
58%
24,871 Fort Dodge
50%
27,388 Mason City
46%
25,529 Ottumwa
46%
45,580 Urbandale
46%
41,535 Marion
33%
27,591 Marshalltown
33%
15,760 Newton
33%
23,982 Burlington
29%
18,601 Clive
29%
24,064 Johnston
29%
23,797 Muscatine
29%
23,940 Waukee
29%
19,565 Altoona
25%
24,469 Clinton
25%
22,318 Coralville
25%
15,833 Indianola
25%
20,479 North Liberty
25%
No matching quizzes found
Score Distribution
Percent of People with Each Score
Percentile by Number Answered
Your Score History
You have not taken this quiz